Material didáctico para ciencias naturales y formación profesional asesoramiento técnico, desarrollo y producción : (Record no. 218977)
[ view plain ]
| 000 -CABECERA | |
|---|---|
| campo de control de longitud fija | 00977nam a2200289 a 4500 |
| 003 - IDENTIFICADOR DEL NÚMERO DE CONTROL | |
| campo de control | CHAP |
| 005 - FECHA Y HORA DE LA ÚLTIMA TRANSACCIÓN | |
| campo de control | 20230621171816.0 |
| 007 - CAMPO FIJO DE DESCRIPCIÓN FÍSICA--INFORMACIÓN GENERAL | |
| campo de control de longitud fija | ta |
| 008 - DATOS DE LONGITUD FIJA--INFORMACIÓN GENERAL | |
| campo de control de longitud fija | 230621s2016 aoe|frc||| 001 0 spa d |
| 040 ## - FUENTE DE LA CATALOGACIÓN | |
| Centro catalogador/agencia de origen | mxchpua |
| Centro/agencia transcriptor | CHAP |
| Normas de descripción | rda |
| 050 10 - SIGNATURA TOPOGRÁFICA DE LA BIBLIOTECA DEL CONGRESO | |
| Número de clasificación | C QC21 |
| Número de documento/Ítem | .M38 2016 |
| 082 00 - NÚMERO DE LA CLASIFICACIÓN DECIMAL DEWEY | |
| Número de clasificación | C 530.0294 |
| Número de documento/Ítem | M38 2016 |
| Número de edición | 20 |
| 110 1# - ENTRADA PRINCIPAL--NOMBRE DE ENTIDAD CORPORATIVA | |
| 9 (RLIN) | 187447 |
| Nombre de entidad corporativa o nombre de jurisdicción como elemento de entrada | PHYWE |
| 245 10 - MENCIÓN DE TÍTULO | |
| Título | Material didáctico para ciencias naturales y formación profesional asesoramiento técnico, desarrollo y producción : |
| Resto del título | física catálogo P 1076 S / |
| Mención de responsabilidad, etc. | PHYWE |
| 250 ## - MENCIÓN DE EDICIÓN | |
| Mención de edición | 1a edición |
| 264 ## - PRODUCCIÓN, PUBLICACIÓN, DISTRIBUCIÓN, FABRICACIÓN Y COPYRIGHT | |
| Producción, publicación, distribución, fabricación y copyright | Alemania : |
| Nombre del de productor, editor, distribuidor, fabricante | PHYWE, |
| Fecha de producción, publicación, distribución, fabricación o copyright | 2016 |
| 300 ## - DESCRIPCIÓN FÍSICA | |
| Extensión | 560 páginas : |
| Otras características físicas | ilustraciones, tablas, fotos, planos |
| 336 ## - TIPO DE CONTENIDO | |
| Fuente | rdacontent |
| Término de tipo de contenido | texto |
| Código de tipo de contenido | txt |
| 337 ## - TIPO DE MEDIO | |
| Fuente | rdamedia |
| Nombre/término del tipo de medio | sin medio |
| Código del tipo de medio | n |
| 338 ## - TIPO DE SOPORTE | |
| Fuente | rdacarrier |
| Nombre/término del tipo de soporte | volumen |
| Código del tipo de soporte | nc |
| 650 13 - PUNTO DE ACCESO ADICIONAL DE MATERIA--TÉRMINO DE MATERIA | |
| 9 (RLIN) | 41975 |
| Término de materia o nombre geográfico como elemento de entrada | Física |
| Subdivisión general | Catálogos |
| 650 13 - PUNTO DE ACCESO ADICIONAL DE MATERIA--TÉRMINO DE MATERIA | |
| 9 (RLIN) | 41975 |
| Término de materia o nombre geográfico como elemento de entrada | Física |
| Subdivisión general | Instrumentos |
| 650 13 - PUNTO DE ACCESO ADICIONAL DE MATERIA--TÉRMINO DE MATERIA | |
| 9 (RLIN) | 154866 |
| Término de materia o nombre geográfico como elemento de entrada | Physics |
| Subdivisión general | Catalogs |
| 650 13 - PUNTO DE ACCESO ADICIONAL DE MATERIA--TÉRMINO DE MATERIA | |
| 9 (RLIN) | 154866 |
| Término de materia o nombre geográfico como elemento de entrada | Physics |
| Subdivisión general | Instruments |
| 710 1# - PUNTO DE ACCESO ADICIONAL--NOMBRE DE ENTIDAD CORPORATIVA | |
| 9 (RLIN) | 187447 |
| Nombre de entidad corporativa o nombre de jurisdicción como elemento de entrada | PHYWE |
| 942 ## - ELEMENTOS DE PUNTO DE ACCESO ADICIONAL (KOHA) | |
| Fuente del sistema de clasificación o colocación | Dewey Decimal Classification |
| Tipo de ítem Koha | |
| Estado de retiro | Estado de pérdida | Fuente del sistema de clasificación o colocación | Estado dañado | Restricciones de uso | No para préstamo | Código de colección | Localización permanente | Ubicación/localización actual | Fecha de adquisición | Fuente de adquisición | Número de inventario | Total de préstamos | Signatura topográfica completa | Código de barras | Fecha visto por última vez | Número de copia | Precio válido a partir de | Tipo de ítem Koha |
|---|---|---|---|---|---|---|---|---|---|---|---|---|---|---|---|---|---|---|
| Dewey Decimal Classification | Préstamo interno | Consulta | Ingenieria Agroindustrial | Ingenieria Agroindustrial | 19/01/2023 | Donación | Donación | C 530.0294 M38 2016 | 1103014869 | 21/06/2023 | Ej. 1 | 21/06/2023 | Libro |
